|
|
|
|
| LEADER |
00869nam a2200253 a 4500 |
| 001 |
000034820 |
| 003 |
CZ BrMZK |
| 005 |
19950407143423.0 |
| 008 |
950407s1995 xr f cze d |
| 020 |
|
|
|a 80-7183-023-2
|
| 040 |
|
|
|a BOA001
|b cze
|
| 080 |
|
|
|a 372.862.1(075.3)
|2 MRF
|
| 100 |
1 |
|
|a Kříž, Rudolf
|7 jk01070168
|4 aut
|
| 245 |
1 |
0 |
|a Stavba a provoz strojů I.
|n Část 1,
|p Části strojů - pro 2. roč. SPŠ /
|c Rudolf Kříž
|
| 246 |
3 |
0 |
|a Části strojů - pro 2. roč. SPŠ
|
| 250 |
|
|
|a 1. vyd. v Scientii.
|
| 260 |
|
|
|a Praha :
|b Scientia,
|c 1995
|
| 300 |
|
|
|a 92 s. :
|b il., tab. ;
|c 20 cm
|
| 500 |
|
|
|a Bibliogr. s. 67
|
| 653 |
0 |
|
|a stroje
|
| 910 |
|
|
|a BOA001
|b PK-0123.829,1
|
| 964 |
|
|
|a Stroje
|x části
|x učebnice
|x školy střední
|
| 990 |
|
|
|a BK
|
| 996 |
7 |
|
|b 3119001410
|c PK-0123.829,1
|l MZK
|r Sklad / do 1 hodiny
|n 17
|p p.v.
|w 000034820
|u 000010
|a 1
|e BOA001
|j MZK50
|s A
|